000 00217 a2200097 4500
001 25547
100 _aBelevtsev, A
245 _aRadio Circuit construction
260 _a
_bMir Publisher
_c1968
090 _c17269
_d17269
942 _aNUST-CAE
_cM
_c8079
999 _c260620
_d260620